00940pam a2200289 a 4500999001900000001000800019003000500027005001700032008004100049010001700090020002500107020003200132040001800164050002100182082001400203100003300217245005500250250001200305260003800317300004700355504005100402650002000453700002000473906004500493942001200538952010000550 c345924d3459241054130Nust20180117090012.0900517s1991 nyua b 001 0 eng  a 90039335  a0716720825 :c$42.95 a0716721686 (pbk.) :c$38.00 aDLCcDLCdDLC00aHB172b.E23 199100a338.52201 aEaton, Buford Curtis,d1943-10aMicroeconomics /cB. Curtis Eaton, Diane F. Eaton. a2nd ed. aNew York :bW.H. Freeman,cc1991. axxii, 509 p. :bill. (some col.) ;c26 cm. aIncludes bibliographical references and index. 0aMicroeconomics.1 aEaton, Diane F. a7bcbccorignewd1eocipf19gy-gencatlg 2ddccBK 00104070aNLSbNLSd2013-08-28l2o338.5 EATpNBS1196r2017-11-22s2017-08-09w2013-08-28yBK